| 000 | 00610cam a2200217 4500 | ||
|---|---|---|---|
| 008 | 090401t1996 xxu||||| |||| 00| 0 eng d | ||
| 020 | _a0419209506 | ||
| 035 | _a(Sirsi) u1809 | ||
| 041 | _aeng | ||
| 050 | _a333.33 | ||
| 100 | _aScott, Peter | ||
| 245 | 4 | _aThe property masters: a history of the British commercial property sector | |
| 260 |
_aLondon _bE & FN Spon _c1996 |
||
| 300 | _axxii, 331p. ; 24cm. | ||
| 350 | _a40 | ||
| 650 | _aPROPERTY-COMMERCIAL PROPERTY-COMMERCIAL PROPERTY MARKET | ||
| 650 | _aHISTORY | ||
| 690 | _aPROPERTY-COMMERCIAL PROPERTY | ||
| 942 | _n0 | ||
| 948 | _c04/03/1997 | ||
| 999 |
_c85698 _d85698 |
||